The alliance : managing talent in the networked age

Gorde:
Xehetasun bibliografikoak
Egile nagusia:  Hoffman, Reid
Formatua: Sách
Hizkuntza:Undetermined
Argitaratua:  Harvard Business Review Press  2014
Gaiak:
Etiketak: Etiketa erantsi
Etiketarik gabe, Izan zaitez lehena erregistro honi etiketa jartzen!
Thư viện lưu trữ: Trung tâm Thư viện - Trường Đại học Công nghiệp TP. Hồ Chí Minh
LEADER 00572nam a2200157Ia 4500
001 UIH_03833
008 231011s9999 xx 000 0 und d
082 |a  658.3 
100 |a  Hoffman, Reid 
245 0 |a  The alliance : managing talent in the networked age 
245 0 |c  Hoffman, Reid 
260 |b  Harvard Business Review Press 
260 |c  2014 
650 |a  Thay đổi tổ chức; Quản lý nhân sự; Khả năng lãnh đạo;  
927 |a Sách 
980 |a Trung tâm Thư viện - Trường Đại học Công nghiệp TP. Hồ Chí Minh